000 00495nam a2200181Ia 4500
005 20250326130558.0
008 250326s9999 xx 000 0 und d
037 _aTextbook
040 _aFMSL
_beng
_cFMSL
041 _aeng
_2eng
084 _aX65 P5
_qFMSL
100 _aBodie Zvi Andothers
_9740816
245 0 _aInvestments
_cBodie Zvi Andothers
250 _a6
260 _aNew Delhi
_bNew Delhi, Tata McGraw Hill
_c2005
942 _cTB
_hX65 P5
999 _c1283160
_d1283160